[Event "FRA T II 20102011"]
[Site "FRA"]
[Date "2010.11.13"]
[Round "2.4"]
[White "Blazquez, Denis"]
[Black "Jadoul, Michel"]
[Result "0-1"]
[WhiteElo "2178"]
[BlackElo "2309"]
[PlyCount "68"]
[EventDate "2010.11.13"]
[EventType "team-match"]
[EventRounds "9"]
[EventCountry "FRA"]
[Source "FFE"]
[SourceDate "2010.10.29"]
[BlackTeamCountry "FRA"]

1. d4 c6 2. c4 b5 3. e4 bxc4 4. Bxc4 d5 5. exd5 cxd5 6. Bb5+ Bd7 7. Qa4 Bxb5 8.
Qxb5+ Qd7 9. Qxd7+ Kxd7 10. Nf3 Nc6 11. Nc3 e6 12. Be3 Bb4 13. Ke2 Nge7 14.
Rhd1 f6 15. a3 Bxc3 16. bxc3 Rhb8 17. Rdb1 Na5 18. Nd2 Rb6 19. Kd3 Rc8 20. Rxb6
axb6 21. Rb1 Kc6 22. c4 Ra8 23. Ra1 Ra6 24. Kc3 h5 25. Kd3 Nb7 26. Kc3 Nd6 27.
Kb3 dxc4+ 28. Nxc4 Ndf5 29. Rc1 Kb7 30. Nb2 Nd5 31. Nd3 Ra8 32. Nb4 Ndxe3 33.
fxe3 Nxe3 34. Kb2 b5 0-1

[Event "FRA T II 20102011"]
[Site "FRA"]
[Date "2010.11.13"]
[Round "2.5"]
[White "Godart, Francois"]
[Black "Grichkevitch, Gilles"]
[Result "1-0"]
[WhiteElo "2261"]
[BlackElo "2074"]
[PlyCount "42"]
[EventDate "2010.11.13"]
[EventType "team-match"]
[EventRounds "9"]
[EventCountry "FRA"]
[Source "FFE"]
[SourceDate "2010.10.29"]
[BlackTeamCountry "FRA"]

1. d4 Nf6 2. c4 g6 3. Nc3 Bg7 4. e4 d6 5. f4 c5 6. d5 O-O 7. Nf3 e6 8. Be2 exd5
9. cxd5 Bg4 10. e5 Nfd7 11. e6 fxe6 12. Ng5 Bxe2 13. Qxe2 exd5 14. Qe6+ Kh8 15.
Nf7+ Rxf7 16. Qxf7 d4 17. Ne4 Nc6 18. O-O Nb6 19. Bd2 Rc8 20. Rae1 d3 21. Rf2
Rc7 {suite illisible} 1-0

[Event "FRA T II 20102011"]
[Site "FRA"]
[Date "2010.11.13"]
[Round "2.6"]
[White "Prevot, Emmanuel"]
[Black "Le Hay, Thierry"]
[Result "1/2-1/2"]
[WhiteElo "2060"]
[BlackElo "2111"]
[PlyCount "82"]
[EventDate "2010.11.13"]
[EventType "team-match"]
[EventRounds "9"]
[EventCountry "FRA"]
[Source "FFE"]
[SourceDate "2010.10.29"]
[BlackTeamCountry "FRA"]

1. e4 e6 2. d3 c5 3. Nf3 Nc6 4. g3 g6 5. Bg2 Bg7 6. O-O d6 7. c3 e5 8. Kh1 Nge7
9. Nh4 O-O 10. f4 f5 11. Nd2 Be6 12. Ndf3 h6 13. Qe2 Qd7 14. Be3 b6 15. a3 Rae8
16. exf5 gxf5 17. fxe5 dxe5 18. Rad1 Qc7 19. Nd2 Nd5 20. Bg1 Kh7 21. Qh5 Nce7
22. Rde1 Qd7 23. Nc4 Nf6 24. Qe2 Bxc4 25. dxc4 e4 26. Bh3 Nfg8 27. Qh5 Nf6 28.
Bxf5+ Qxf5 29. Qxf5+ Nxf5 30. Nxf5 Nd7 31. Nd6 Rxf1 32. Rxf1 Re6 33. Nb5 Ne5
34. b3 Nd3 35. Be3 Re7 36. Kg2 a6 37. Nd6 Bxc3 38. Rf7+ Rxf7 39. Nxf7 Bd4 40.
Bf4 Ne1+ 41. Kf1 Nf3 1/2-1/2

[Event "FRA T II 20102011"]
[Site "FRA"]
[Date "2010.11.13"]
[Round "2.7"]
[White "Waquet, Frederic"]
[Black "Vignier, Pascal"]
[Result "1/2-1/2"]
[WhiteElo "1982"]
[BlackElo "2016"]
[PlyCount "33"]
[EventDate "2010.11.13"]
[EventType "team-match"]
[EventRounds "9"]
[EventCountry "FRA"]
[Source "FFE"]
[SourceDate "2010.10.29"]
[BlackTeamCountry "FRA"]

1. e4 Nf6 2. Nc3 d5 3. e5 Nfd7 4. e6 fxe6 5. d4 g6 6. h4 Nf6 7. h5 Nxh5 8. Rxh5
gxh5 9. Qxh5+ Kd7 10. Nf3 Bg7 11. Bh6 Bf6 12. Nxd5 Qe8 13. Ne5+ Kd8 14. Nf7+
Kd7 15. Ne5+ Kd8 16. Nf7+ Kd7 17. Ne5+ 1/2-1/2

[Event "FRA T II 20102011"]
[Site "FRA"]
[Date "2010.11.13"]
[Round "2.8"]
[White "Sobucki, Isabelle"]
[Black "Vinckier, Delphine"]
[Result "0-1"]
[WhiteElo "1320"]
[BlackElo "1829"]
[PlyCount "114"]
[EventDate "2010.11.13"]
[EventType "team-match"]
[EventRounds "9"]
[EventCountry "FRA"]
[Source "FFE"]
[SourceDate "2010.10.29"]
[BlackTeamCountry "FRA"]

1. d4 e6 2. c4 Nf6 3. Qc2 d5 4. Bg5 c6 5. Nf3 Qa5+ 6. Bd2 Bb4 7. c5 Ne4 8. Bxb4
Qxb4+ 9. Nc3 Nxc3 10. bxc3 Qa5 11. Ne5 f6 12. Nf3 Nd7 13. e3 e5 14. Be2 e4 15.
Nd2 O-O 16. O-O f5 17. c4 Nf6 18. Nb3 Qc7 19. cxd5 cxd5 20. Nd2 f4 21. exf4
Qxf4 22. g3 Qh6 23. Qb3 Qxd2 24. Qe3 Qxe3 25. fxe3 Bg4 26. Bb5 Bd7 27. Be2 Ng4
28. Rxf8+ Rxf8 29. Bxg4 Bxg4 30. a4 Bd7 31. a5 Rf6 32. h4 Rf3 33. Re1 Rxg3+ 34.
Kh2 Rg4 35. Rb1 Rxh4+ 36. Kg3 Rg4+ 37. Kf2 Bc6 38. a6 bxa6 39. Rb8+ Kf7 40. Rc8
Rg6 41. Rc7+ Ke8 42. Rxa7 Bd7 43. Ra8+ Ke7 44. Ra7 Rf6+ 45. Kg3 g5 46. Ra8 h6
47. Ra7 h5 48. Kg2 h4 49. Ra8 g4 50. Rg8 a5 51. Rg7+ Rf7 52. Rg5 Be6 53. Rh5
h3+ 54. Kg1 g3 55. Rh8 g2 56. c6 Rf1+ 57. Kh2 g1=Q# 0-1

[Event "FRA T II 20102011"]
[Site "FRA"]
[Date "2010.11.14"]
[Round "3.2"]
[White "Pytel, Krzysztof"]
[Black "Sanchis, Antoine"]
[Result "1-0"]
[WhiteElo "2334"]
[BlackElo "2241"]
[PlyCount "43"]
[EventDate "2010.11.13"]
[EventType "team-match"]
[EventRounds "9"]
[EventCountry "FRA"]
[Source "FFE"]
[SourceDate "2010.10.29"]
[BlackTeamCountry "FRA"]

1. Nf3 Nf6 2. d4 g6 3. c4 Bg7 4. Nc3 O-O 5. Bf4 d6 6. e3 c6 7. h3 Qa5 8. Bd3
Nbd7 9. O-O e5 10. Bh2 Re8 11. Qc2 a6 12. a3 Qd8 13. Rad1 Qe7 14. Be2 b6 15. b4
c5 16. bxc5 bxc5 17. dxe5 Nxe5 18. Nxe5 dxe5 19. Nd5 Nxd5 20. cxd5 Qd6 21. e4
f5 22. Rc1 {suite illisible} 1-0

[Event "FRA T II 20102011"]
[Site "FRA"]
[Date "2010.11.14"]
[Round "3.5"]
[White "Morais, Mario"]
[Black "Blum, Gary"]
[Result "1-0"]
[WhiteElo "2050"]
[BlackElo "2080"]
[PlyCount "71"]
[EventDate "2010.11.13"]
[EventType "team-match"]
[EventRounds "9"]
[EventCountry "FRA"]
[Source "FFE"]
[SourceDate "2010.10.29"]
[BlackTeamCountry "FRA"]

1. d4 d5 2. Nf3 Nf6 3. Bf4 Bg4 4. Ne5 Bh5 5. h3 e6 6. g4 Bg6 7. h4 h6 8. Nxg6
fxg6 9. e3 Bd6 10. Bd3 Kf7 11. g5 hxg5 12. Bxg5 Nc6 13. Rg1 Ne7 14. Nd2 e5 15.
dxe5 Bxe5 16. c3 Qd7 17. Nf3 Bd6 18. Qc2 Rag8 19. O-O-O c6 20. Kb1 Qh3 21. Qe2
Qd7 22. Rg2 Nf5 23. Qc2 Ne7 24. Rdg1 Ne4 25. Bxe4 dxe4 26. Nd2 Nf5 27. Nxe4 Be7
28. Bxe7 Qxe7 29. Rxg6 Nxh4 30. Ng5+ Kf8 31. Ne6+ Kf7 32. Rxg7+ Rxg7 33. Rxg7+
Kf6 34. Rxe7 Kxe7 35. Nc5 Rg8 36. Qe4+ 1-0

[Event "FRA T II 20102011"]
[Site "FRA"]
[Date "2010.11.14"]
[Round "3.8"]
[White "Afraoui, Solenn"]
[Black "Chitrit, Norbert"]
[Result "1-0"]
[WhiteElo "1842"]
[BlackElo "1953"]
[PlyCount "39"]
[EventDate "2010.11.13"]
[EventType "team-match"]
[EventRounds "9"]
[EventCountry "FRA"]
[Source "FFE"]
[SourceDate "2010.10.29"]
[BlackTeamCountry "FRA"]

1. Nf3 Nf6 2. g3 d6 3. d4 Nbd7 4. c4 e5 5. Bg2 Be7 6. O-O O-O 7. Nc3 c6 8. e4
b6 9. h3 Re8 10. Be3 Bb7 11. Nh4 Bf8 12. Nf5 exd4 13. Qxd4 c5 14. Qd3 Ne5 15.
Qe2 g6 16. Nh6+ Kh8 17. Bg5 a6 18. f4 Bxh6 19. Bxh6 Ng8 20. Bg5 {suite
illisible} 1-0

[Event "FRA T II 20102011"]
[Site "FRA"]
[Date "2010.11.14"]
[Round "3.6"]
[White "Sion, Philippe"]
[Black "Prevot, Emmanuel"]
[Result "1/2-1/2"]
[WhiteElo "2012"]
[BlackElo "2060"]
[PlyCount "55"]
[EventDate "2010.11.13"]
[EventType "team-match"]
[EventRounds "9"]
[EventCountry "FRA"]
[Source "FFE"]
[SourceDate "2010.10.29"]
[BlackTeamCountry "FRA"]

1. c4 b6 2. Nc3 e6 3. e4 Bb7 4. Nf3 c5 5. d3 d6 6. g3 Nf6 7. Bg2 Be7 8. O-O O-O
9. h3 a6 10. Be3 Qc7 11. Qe2 Nbd7 12. Rac1 Bc6 13. a4 Rab8 14. Rfd1 b5 15. cxb5
axb5 16. axb5 Bxb5 17. b4 Ba6 18. bxc5 Nxc5 19. e5 dxe5 20. Bxc5 Qxc5 21. Nxe5
Bb7 22. Nd5 Qd6 23. Nxe7+ Qxe7 24. Nc6 Bxc6 25. Rxc6 Rfc8 26. Rdc1 Qd7 27. Qe5
Qd8 28. d4 1/2-1/2

[Event "FRA T II 20102011"]
[Site "FRA"]
[Date "2010.11.14"]
[Round "3.1"]
[White "Barthes, Christian"]
[Black "Bouhallel, Rabah"]
[Result "1/2-1/2"]
[WhiteElo "2127"]
[BlackElo "2292"]
[PlyCount "110"]
[EventDate "2010.11.13"]
[EventType "team-match"]
[EventRounds "9"]
[EventCountry "FRA"]
[Source "FFE"]
[SourceDate "2010.10.29"]
[BlackTeamCountry "FRA"]

1. d4 e6 2. e4 d5 3. Nd2 Nf6 4. e5 Nfd7 5. Bd3 c5 6. c3 Nc6 7. Ne2 a5 8. a3
cxd4 9. cxd4 Nb6 10. Nf3 Be7 11. Nc3 Bd7 12. Bc2 Na7 13. O-O Nb5 14. Na4 Rc8
15. Nxb6 Qxb6 16. Be3 Na7 17. Qb1 h6 18. Rc1 Bb5 19. b3 Nc6 20. Qb2 Qa7 21. Bd1
Bd3 22. Rc3 Bg6 23. Rac1 O-O 24. g4 Be4 25. Nd2 Bh7 26. Nf3 Qb6 27. Bc2 Bxc2
28. R3xc2 Qd8 29. Bd2 Ra8 30. b4 axb4 31. axb4 f5 32. exf6 Rxf6 33. Ne5 Nxe5
34. dxe5 Rg6 35. Qd4 Qf8 36. Kg2 Kh7 37. Rc3 Qf5 38. Rg3 Qf8 39. Rf3 Qe8 40. h3
b5 41. Ra1 Rxa1 42. Qxa1 h5 43. Qd4 Kg8 44. Ra3 hxg4 45. hxg4 Qf8 46. f3 Qf5
47. Rd3 Qh5 48. Qf4 Qh4 49. Qg3 Qh7 50. Rd4 Bg5 51. f4 Bd8 52. g5 Bb6 53. Rd3
Kf7 54. Bc3 Qg8 55. Bd4 Bxd4 1/2-1/2

[Event "FRA T II 20102011"]
[Site "FRA"]
[Date "2010.11.14"]
[Round "3.2"]
[White "Roger, Mehdi"]
[Black "Appendino, Jerome"]
[Result "1-0"]
[WhiteElo "2189"]
[BlackElo "2199"]
[PlyCount "55"]
[EventDate "2010.11.13"]
[EventType "team-match"]
[EventRounds "9"]
[EventCountry "FRA"]
[Source "FFE"]
[SourceDate "2010.10.29"]
[BlackTeamCountry "FRA"]

1. e4 c5 2. Nf3 d6 3. d4 cxd4 4. Nxd4 Nf6 5. Nc3 a6 6. Bg5 e6 7. f4 Qb6 8. Qd2
Qxb2 9. Nb3 Nbd7 10. Bxf6 gxf6 11. Be2 Qa3 12. O-O Rg8 13. f5 Rg7 14. Bh5 Nc5
15. Rab1 Nxb3 16. Rxb3 Qc5+ 17. Kh1 Qe5 18. fxe6 Bxe6 19. Nd5 O-O-O 20. Bf3
Bxd5 21. exd5 Qe7 22. Re1 Qd7 23. Reb1 Rg5 24. Qa5 Re5 25. h3 Qe7 26. Rxb7 Re1+
27. Rxe1 Qxb7 28. Bg4+ 1-0

[Event "FRA T II 20102011"]
[Site "FRA"]
[Date "2010.11.14"]
[Round "3.3"]
[White "Jactel, Nicolas"]
[Black "Vallet, Marc"]
[Result "1-0"]
[WhiteElo "2066"]
[BlackElo "2204"]
[PlyCount "49"]
[EventDate "2010.11.13"]
[EventType "team-match"]
[EventRounds "9"]
[EventCountry "FRA"]
[Source "FFE"]
[SourceDate "2010.10.29"]
[BlackTeamCountry "FRA"]

1. e4 c5 2. Nf3 Nc6 3. Bb5 e6 4. O-O Nge7 5. Nc3 a6 6. Bxc6 Nxc6 7. d4 cxd4 8.
Nxd4 Qc7 9. Nxc6 dxc6 10. f4 e5 11. f5 Bc5+ 12. Kh1 h5 13. Qf3 b5 14. Be3 Qa7
15. Bxc5 Qxc5 16. a3 Bb7 17. Rad1 Rd8 18. Rxd8+ Kxd8 19. Qg3 Rh7 20. b4 h4 21.
Qg5+ f6 22. Qg6 Qxc3 23. Qxh7 Qxc2 24. Qxg7 h3 25. Qxf6+ 1-0

[Event "FRA T II 20102011"]
[Site "FRA"]
[Date "2010.11.14"]
[Round "3.4"]
[White "Julve, Philippe"]
[Black "Abouan, Stephane"]
[Result "1-0"]
[WhiteElo "2241"]
[BlackElo "2027"]
[PlyCount "56"]
[EventDate "2010.11.13"]
[EventType "team-match"]
[EventRounds "9"]
[EventCountry "FRA"]
[Source "FFE"]
[SourceDate "2010.10.29"]
[BlackTeamCountry "FRA"]

1. d4 Nf6 2. c4 g6 3. Nc3 Bg7 4. e4 d6 5. Be2 O-O 6. Be3 Na6 7. h4 c5 8. d5 e6
9. dxe6 Bxe6 10. Qd2 Qa5 11. Rc1 Rfe8 12. b3 Bg4 13. f3 Be6 14. g4 Nd7 15. Nh3
Ne5 16. Nf4 Nc6 17. h5 Nd4 18. Bd1 Nb4 19. O-O Qd8 20. Kg2 Nbc6 21. Rh1 Ne5 22.
hxg6 Nxg6 23. Nh5 Bh8 24. f4 Bc8 25. g5 b5 26. Nd5 Rxe4 27. Nhf6+ Bxf6 28.
Nxf6+ Kf8 1-0

[Event "FRA T II 20102011"]
[Site "FRA"]
[Date "2010.11.14"]
[Round "3.5"]
[White "Da Apresentacao, Christophe"]
[Black "Lebret, Jean Michel"]
[Result "1-0"]
[WhiteElo "2047"]
[BlackElo "2116"]
[PlyCount "85"]
[EventDate "2010.11.13"]
[EventType "team-match"]
[EventRounds "9"]
[EventCountry "FRA"]
[Source "FFE"]
[SourceDate "2010.10.29"]
[BlackTeamCountry "FRA"]

1. d4 d5 2. c4 e6 3. Nc3 c5 4. cxd5 exd5 5. Nf3 Nc6 6. dxc5 d4 7. Ne4 Bxc5 8.
Nxc5 Qa5+ 9. Bd2 Qxc5 10. g3 Nf6 11. Bg2 O-O 12. O-O Qh5 13. Bf4 Bg4 14. Qb3
Rad8 15. Qxb7 Na5 16. Qxa7 d3 17. Ne5 dxe2 18. Rfe1 Nd5 19. Qxa5 Nxf4 20. gxf4
Rd1 21. f3 Rxa1 22. Rxa1 Be6 23. Qe1 Qf5 24. Qxe2 Qxf4 25. Nd3 Qd4+ 26. Nf2 Rc8
27. Rd1 Qa4 28. b3 Qa5 29. Qd2 Qb6 30. Qd4 Qa5 31. b4 Qc7 32. Bh3 Bxh3 33. Nxh3
h6 34. Nf2 Qc2 35. Qd2 Qf5 36. Qd7 Qg6+ 37. Kf1 Qc2 38. b5 g6 39. Rd2 Qc4+ 40.
Kg2 Rc5 41. Qd8+ Kg7 42. Ne4 f5 43. Nd6 1-0

[Event "FRA T II 20102011"]
[Site "FRA"]
[Date "2010.11.14"]
[Round "3.7"]
[White "Lievre, Vincent"]
[Black "Levaux, Christian"]
[Result "1/2-1/2"]
[WhiteElo "1996"]
[BlackElo "2121"]
[PlyCount "97"]
[EventDate "2010.11.13"]
[EventType "team-match"]
[EventRounds "9"]
[EventCountry "FRA"]
[Source "FFE"]
[SourceDate "2010.10.29"]
[BlackTeamCountry "FRA"]

1. c4 e5 2. g3 Nf6 3. Nc3 d5 4. cxd5 Nxd5 5. Bg2 Nb6 6. d3 Be7 7. Nf3 Nc6 8. b3
Be6 9. Bb2 f6 10. O-O O-O 11. Nd2 Nd5 12. a3 Nd4 13. e3 Nxc3 14. Bxc3 Nb5 15.
Bb2 Qxd3 16. Be4 Qd7 17. Bxb7 Rab8 18. Bg2 Nd6 19. Qc2 c5 20. Nc4 Qb5 21. Nd2
Kh8 22. a4 Qb6 23. Ba3 Rfc8 24. Rfb1 Qd8 25. Nc4 Nxc4 26. bxc4 Qg8 27. Rxb8
Rxb8 28. Rc1 Rd8 29. Qc3 Rd7 30. Bf3 Qd8 31. Qc2 Rd2 32. Qc3 Rd3 33. Qb2 f5 34.
Rc3 Rxc3 35. Qxc3 e4 36. Be2 Bf6 37. Qc1 Qb6 38. Qd2 g5 39. Kg2 Kg7 40. a5 Qc6
41. Bb2 Qc7 42. Bxf6+ Kxf6 43. Qb2+ Kg6 44. Qb5 Bd7 45. Qa6+ Bc6 46. Bd1 Qb7
47. Qxb7 Bxb7 48. Ba4 Kf6 49. Kf1 1/2-1/2

[Event "FRA T II 20102011"]
[Site "FRA"]
[Date "2010.11.14"]
[Round "3.1"]
[White "Etrog, Jonathan"]
[Black "Calistri, Tristan"]
[Result "0-1"]
[WhiteElo "2181"]
[BlackElo "2390"]
[PlyCount "76"]
[EventDate "2010.11.13"]
[EventType "team-match"]
[EventRounds "9"]
[EventCountry "FRA"]
[Source "FFE"]
[SourceDate "2010.10.29"]
[BlackTeamCountry "FRA"]

1. c4 g6 2. g3 Bg7 3. Bg2 d6 4. Nc3 Nf6 5. d4 O-O 6. Nf3 Nbd7 7. O-O e5 8. e4
c6 9. h3 Qb6 10. Re1 Ne8 11. Na4 Qa6 12. Bf1 exd4 13. c5 Qa5 14. b4 Qc7 15. Bf4
Ne5 16. Nxd4 dxc5 17. Nxc5 a5 18. b5 Qd6 19. Ndb3 Qxd1 20. Rexd1 Nf3+ 21. Kg2
a4 22. Kxf3 axb3 23. e5 g5 24. Bxg5 Bxe5 25. Nxb3 Bxa1 26. Rxa1 Be6 27. Nc5
Bd5+ 28. Kf4 Nc7 29. Nxb7 f6 30. Bh6 Ra4+ 31. Ke3 Re8+ 32. Kd2 cxb5 33. Nc5
Rxa2+ 34. Rxa2 Bxa2 35. Bf4 Rd8+ 36. Kc2 Nd5 37. Bd2 Rc8 38. Kb2 Rxc5 0-1

[Event "FRA T II 20102011"]
[Site "FRA"]
[Date "2010.11.14"]
[Round "3.2"]
[White "Bouchet, Nicolas"]
[Black "Maigne, Gilles"]
[Result "1-0"]
[WhiteElo "2315"]
[BlackElo "2069"]
[PlyCount "61"]
[EventDate "2010.11.13"]
[EventType "team-match"]
[EventRounds "9"]
[EventCountry "FRA"]
[Source "FFE"]
[SourceDate "2010.10.29"]
[BlackTeamCountry "FRA"]

1. e4 e6 2. d4 d5 3. Nd2 Nf6 4. e5 Nfd7 5. c3 c5 6. f4 Nc6 7. Ngf3 Qb6 8. Nb3
cxd4 9. cxd4 f6 10. Bd3 Bb4+ 11. Bd2 O-O 12. exf6 Nxf6 13. O-O Bd6 14. Kh1 Bd7
15. Ne5 a5 16. Rc1 a4 17. Nc5 Bxc5 18. dxc5 Qc7 19. Nxd7 Qxd7 20. Qe1 Rae8 21.
Bb5 a3 22. b4 Ne4 23. Bc3 Qc7 24. Qh4 d4 25. Bxc6 Qxc6 26. Bxd4 Qd5 27. Rcd1
Qxa2 28. Bxg7 Rf7 29. Be5 Qe2 30. Rfe1 Qc2 31. Rd4 1-0

[Event "FRA T II 20102011"]
[Site "FRA"]
[Date "2010.11.14"]
[Round "3.3"]
[White "Doebele, Victor"]
[Black "Thely, Ludovic"]
[Result "1-0"]
[WhiteElo "1995"]
[BlackElo "2154"]
[PlyCount "63"]
[EventDate "2010.11.13"]
[EventType "team-match"]
[EventRounds "9"]
[EventCountry "FRA"]
[Source "FFE"]
[SourceDate "2010.10.29"]
[BlackTeamCountry "FRA"]

1. Nf3 Nf6 2. g3 g6 3. b3 Bg7 4. Bb2 O-O 5. Bg2 d6 6. d4 c5 7. O-O Nbd7 8. c4
Rb8 9. Nc3 a6 10. a4 cxd4 11. Nxd4 Nc5 12. b4 Ncd7 13. Qb3 Ne5 14. Rac1 h5 15.
Rfd1 Bd7 16. e4 h4 17. Nd5 Nh5 18. a5 hxg3 19. hxg3 Bg4 20. f3 Bd7 21. g4 Nf6
22. Nb6 Bh6 23. Rc2 Be6 24. Nxe6 fxe6 25. Bxe5 dxe5 26. Rxd8 Rbxd8 27. Bf1 Rd1
28. Rh2 Nxg4 29. Qxd1 Be3+ 30. Kg2 Bxb6 31. fxg4 Rf2+ 32. Kg3 1-0

[Event "FRA T II 20102011"]
[Site "FRA"]
[Date "2010.11.14"]
[Round "3.4"]
[White "Champault, Pierre Emmanuel"]
[Black "Forissier, Nicolas"]
[Result "1-0"]
[WhiteElo "2198"]
[BlackElo "1994"]
[PlyCount "57"]
[EventDate "2010.11.13"]
[EventType "team-match"]
[EventRounds "9"]
[EventCountry "FRA"]
[Source "FFE"]
[SourceDate "2010.10.29"]
[BlackTeamCountry "FRA"]

1. d4 Nf6 2. Nf3 g6 3. c4 Bg7 4. Nc3 d5 5. cxd5 Nxd5 6. e4 Nxc3 7. bxc3 c5 8.
Be3 O-O 9. Rc1 cxd4 10. cxd4 Nc6 11. d5 Ne5 12. Nxe5 Bxe5 13. Bc4 Qd6 14. Qd2
Bg7 15. O-O a6 16. Bb3 Bd7 17. Bc5 Qe5 18. f4 Qh5 19. Bxe7 Rfc8 20. Bd1 Qh6 21.
Bg5 Rxc1 22. Bxh6 Rxd1 23. Rxd1 Bxh6 24. Kf2 Rc8 25. Rc1 b6 26. Rxc8+ Bxc8 27.
Kf3 Bf8 28. d6 Bd7 29. Qd4 1-0

[Event "FRA T II 20102011"]
[Site "FRA"]
[Date "2010.11.14"]
[Round "3.5"]
[White "Plantet, Marc"]
[Black "Lam, Sophie"]
[Result "1-0"]
[WhiteElo "1950"]
[BlackElo "2091"]
[PlyCount "69"]
[EventDate "2010.11.13"]
[EventType "team-match"]
[EventRounds "9"]
[EventCountry "FRA"]
[Source "FFE"]
[SourceDate "2010.10.29"]
[BlackTeamCountry "FRA"]

1. e4 c5 2. Nf3 Nc6 3. d4 cxd4 4. Nxd4 g6 5. Be3 Bg7 6. Be2 Nf6 7. Nc3 O-O 8.
Qd2 d5 9. exd5 Nb4 10. d6 Nbd5 11. dxe7 Qxe7 12. Nxd5 Nxd5 13. Bg5 f6 14. Be3
Nxe3 15. Qxe3 Qb4+ 16. Qc3 Qxc3+ 17. bxc3 Bd7 18. O-O f5 19. Rab1 b6 20. Rfd1
Rac8 21. Rd3 Ba4 22. Rb4 Bxd4 23. Rxa4 Bxc3 24. Rxa7 Rfe8 25. Kf1 Bf6 26. Bd1
Rc5 27. g3 Rce5 28. Bf3 R8e7 29. Bd5+ Kg7 30. Ra8 Re1+ 31. Kg2 g5 32. Rb8 Rb1
33. Bb3 g4 34. Rg8+ Kh6 35. Rd6 1-0

[Event "FRA T II 20102011"]
[Site "FRA"]
[Date "2010.11.14"]
[Round "3.6"]
[White "Girard, Eric"]
[Black "Thomas, Vincent"]
[Result "1-0"]
[WhiteElo "2186"]
[BlackElo "1972"]
[PlyCount "63"]
[EventDate "2010.11.13"]
[EventType "team-match"]
[EventRounds "9"]
[EventCountry "FRA"]
[Source "FFE"]
[SourceDate "2010.10.29"]
[BlackTeamCountry "FRA"]

1. c4 c5 2. Nf3 Nc6 3. d4 cxd4 4. Nxd4 e5 5. Nb5 a6 6. Nd6+ Bxd6 7. Qxd6 Qf6 8.
Qd2 Nge7 9. Nc3 O-O 10. g3 Rb8 11. Bg2 b5 12. c5 Rd8 13. O-O d5 14. Nxd5 Nxd5
15. Bxd5 e4 16. f3 Bh3 17. Rd1 e3 18. Qxe3 Nd4 19. Qxd4 Qf5 20. Bf4 Rbc8 21.
Rac1 h6 22. Rc3 b4 23. Rcd3 a5 24. Qc4 Rd7 25. e4 Qf6 26. e5 Qf5 27. c6 Re7 28.
Be4 Qe6 29. Rd8+ Re8 30. Qxe6 Bxe6 31. c7 Kf8 32. Bc6 1-0

[Event "FRA T II 20102011"]
[Site "FRA"]
[Date "2010.11.14"]
[Round "3.7"]
[White "Bouvier, Clement"]
[Black "Larrat, Philippe"]
[Result "0-1"]
[WhiteElo "1877"]
[BlackElo "2185"]
[PlyCount "28"]
[EventDate "2010.11.13"]
[EventType "team-match"]
[EventRounds "9"]
[EventCountry "FRA"]
[Source "FFE"]
[SourceDate "2010.10.29"]
[BlackTeamCountry "FRA"]

1. b4 e5 2. Bb2 Bxb4 3. f4 d6 4. Nf3 Nc6 5. fxe5 dxe5 6. Nxe5 Bd6 7. Nf3 Nf6 8.
e3 Ng4 9. g3 h5 10. Bg2 h4 11. Nxh4 Rxh4 12. Bxc6+ bxc6 13. gxh4 Qxh4+ 14. Ke2
Ba6+ 0-1

[Event "FRA T II 20102011"]
[Site "FRA"]
[Date "2010.11.14"]
[Round "3.8"]
[White "Le Fevre, Andre"]
[Black "Julien, Emilie"]
[Result "1-0"]
[WhiteElo "1670"]
[BlackElo "1420"]
[PlyCount "119"]
[EventDate "2010.11.13"]
[EventType "team-match"]
[EventRounds "9"]
[EventCountry "FRA"]
[Source "FFE"]
[SourceDate "2010.10.29"]
[BlackTeamCountry "FRA"]

1. e4 e5 2. Nf3 Nc6 3. Bc4 Bc5 4. c3 Nf6 5. d3 O-O 6. b4 Bb6 7. O-O d6 8. a4 a5
9. b5 Ne7 10. Be3 Nd7 11. d4 Ng6 12. Bg5 Qe8 13. Qd3 Kh8 14. h4 f6 15. Be3 Nf4
16. Bxf4 exf4 17. Nbd2 Qg6 18. Ne1 f5 19. Qf3 Nf6 20. Qxf4 Nh5 21. Qg5 Qe8 22.
Be2 Nf6 23. f3 c5 24. Nc4 Bc7 25. Bd3 d5 26. Nd2 c4 27. Bc2 Bd8 28. Qe3 Nh5 29.
g3 Nxg3 30. Rf2 Bxh4 31. Rh2 f4 32. Qf2 Qg6 33. Ng2 Be7 34. Nf1 dxe4 35. Nxf4
Ne2+ 36. Kh1 Nxf4 37. Bxe4 Bf5 38. Ng3 Bxe4 39. Nxe4 Nd3 40. Qe3 Rf5 41. Rg1
Qe6 42. Rxh7+ Kxh7 43. Ng5+ Bxg5 44. Qxe6 Raf8 45. Qxc4 Nf2+ 46. Kg2 Rxf3 47.
Rh1+ Nxh1 48. Kxh1 R8f6 49. d5 R6f4 50. Qe2 Rh4+ 51. Kg2 Re3 52. Qc2+ Kh6 53.
Qd1 Rxc3 54. d6 Rc1 55. Qe2 Rd4 56. Qe6+ Kh5 57. Qf7+ Kh6 58. Qe6+ g6 59. Qe5
Rdd1 60. Qh8# 1-0

[Event "FRA T II 20102011"]
[Site "FRA"]
[Date "2010.11.14"]
[Round "3.1"]
[White "Depoorter, Enguerran"]
[Black "Bernard, Christophe"]
[Result "1/2-1/2"]
[WhiteElo "2152"]
[BlackElo "2349"]
[PlyCount "118"]
[EventDate "2010.11.13"]
[EventType "team-match"]
[EventRounds "9"]
[EventCountry "FRA"]
[Source "FFE"]
[SourceDate "2010.10.29"]
[BlackTeamCountry "FRA"]

1. e4 c5 2. Nf3 d6 3. Bb5+ Bd7 4. Bxd7+ Qxd7 5. O-O Nc6 6. c3 Nf6 7. d4 cxd4 8.
cxd4 d5 9. e5 Ne4 10. Nbd2 e6 11. Qe2 Nxd2 12. Bxd2 Be7 13. Rac1 O-O 14. Rfe1
Rac8 15. a3 Rc7 16. Rc2 Rfc8 17. Rec1 a6 18. Qd3 h6 19. h3 Na7 20. Rxc7 Rxc7
21. Rxc7 Qxc7 22. Be3 Nc8 23. Kh2 Nb6 24. Nd2 Na4 25. b3 Qc3 26. Qxc3 Nxc3 27.
a4 Bb4 28. g3 Na2 29. Nb1 a5 30. Kg2 Kf8 31. Kf1 Be7 32. Ke2 b6 33. Kd3 f6 34.
f4 fxe5 35. fxe5 Kf7 36. Ke2 Kg6 37. Kf3 h5 38. Bd2 Nb4 39. Na3 Nd3 40. Nb5 Bb4
41. Be3 Ne1+ 42. Ke2 Nc2 43. Nc7 Kf7 44. Na8 Ke7 45. Nc7 Kd7 46. Nb5 Na3 47.
Nxa3 Bxa3 48. g4 hxg4 49. hxg4 Be7 50. Kf3 Ke8 51. Kg3 Kf7 52. Bf2 Bb4 53. Kf3
Kg6 54. Be3 Be1 55. Kg2 Bh4 56. Kf3 Bg5 57. Bf2 Be7 58. Be3 Bg5 59. Bf2 Be7
1/2-1/2

[Event "FRA T II 20102011"]
[Site "FRA"]
[Date "2010.11.14"]
[Round "3.2"]
[White "Cathelineau, Didier"]
[Black "Boudrenghien, Francois"]
[Result "1-0"]
[WhiteElo "2194"]
[BlackElo "2065"]
[PlyCount "71"]
[EventDate "2010.11.13"]
[EventType "team-match"]
[EventRounds "9"]
[EventCountry "FRA"]
[Source "FFE"]
[SourceDate "2010.10.29"]
[BlackTeamCountry "FRA"]

1. d4 d6 2. Nf3 Bg4 3. h3 Bxf3 4. exf3 g6 5. c3 Bg7 6. Qb3 Qc8 7. Bc4 e6 8. O-O
Nf6 9. Re1 O-O 10. Bf4 Nbd7 11. Nd2 Nh5 12. Bh2 Bh6 13. Rad1 Bf4 14. Bf1 d5 15.
Bxf4 Nxf4 16. g3 Nh5 17. f4 Nb6 18. Nf3 c6 19. Ne5 Nf6 20. Bg2 Nfd7 21. Qc2 Qc7
22. h4 h5 23. Nxg6 Rfe8 24. Ne5 Nf6 25. f5 Rad8 26. fxe6 fxe6 27. Qg6+ Qg7 28.
Bh3 Rd6 29. Qxg7+ Kxg7 30. f3 Nc4 31. Nd3 Kf7 32. b3 Na5 33. Re2 b6 34. Rde1
Nb7 35. Nf4 Nd8 36. Re5 1-0